Statistics for Detroit Pistons All-time Leading Scorers

Click here to take the quiz!

General Stats

  • This quiz has been taken 162 times
  • The average score is 5 of 10

Answer Stats

PointsAnswer% Correct
18,822Isaiah Thomas
99%
16,401Joe Dumars
85%
12,665Bill Laimbeer
65%
11,582Rip Hamilton
64%
15,488Bob Lanier
49%
9,393Grant Hill
46%
10,006Tayshaun Prince
32%
10,146Vinnie Johnson
27%
15,235Dave Bing
25%
9,023John Long
5%

Score Distribution

Percentile by Number Answered

Percent of People with Each Score

Your Score History

You have not taken this quiz